ბათუმის შოთა რუსთაველის სახელმწიფო უნივერსიტეტის ბიბლიოთეკა

ფიზიკის ამოცანების ამოხსნის ნიმუშები და სავარჯიშოები (ბიბ.ჩანაწერი № 44691)

000 -LEADER
fixed length control field 01272nam a2200229Ia 4500
001 - CONTROL NUMBER
control field 11495
003 - CONTROL NUMBER IDENTIFIER
control field GE_BSU
008 - FIXED-LENGTH DATA ELEMENTS--GENERAL INFORMATION
fixed length control field 181216s||||||||xx |||||||||||||| ||und||
040 ## - CATALOGING SOURCE
Transcribing agency GE_BSU
080 ## - UNIVERSAL DECIMAL CLASSIFICATION NUMBER
Universal Decimal Classification number 53(076.2)+53(076.1)
100 ## - MAIN ENTRY--PERSONAL NAME
Personal name კურკუმული,გ.
245 ## - TITLE STATEMENT
Title ფიზიკის ამოცანების ამოხსნის ნიმუშები და სავარჯიშოები
245 ## - TITLE STATEMENT
Remainder of title დამხმარე სახელმძღვ.მოსამზად.განყოფ.მსმენელებისა და აბიტურიენტებისათვის.
245 ## - TITLE STATEMENT
Statement of responsibility, etc. რედ:დ.ღონღაძე.
250 ## - EDITION STATEMENT
Edition statement მე–3 გადამუშ.გამოც.
260 ## - PUBLICATION, DISTRIBUTION, ETC.
Place of publication, distribution, etc. თბილისი
260 ## - PUBLICATION, DISTRIBUTION, ETC.
Name of publisher, distributor, etc. განათლება
260 ## - PUBLICATION, DISTRIBUTION, ETC.
Date of publication, distribution, etc. 1984
300 ## - PHYSICAL DESCRIPTION
Extent 654გვ;20სმ.
653 ## - INDEX TERM--UNCONTROLLED
Uncontrolled term ფიზიკის ამოცანების ამოხსნის ნიმუშები და სავარჯიშოები.დამხმარე სახელმძღვ.მოსამზად.განყოფ.მსმენელებისა და აბიტურიენტებისათვის.
942 ## - ADDED ENTRY ELEMENTS (KOHA)
Koha item type წიგნი
ეგზემპლარები
Withdrawn status Lost status Damaged status Not for loan Date acquired Barcode Date last seen Price effective from Koha item type
        2018-12-17 20238 2018-12-17 2018-12-17 წიგნი